| 000 | 00760nam a2200193 a 4500 | ||
|---|---|---|---|
| 001 | BRCA_509 | ||
| 005 | 20190320203036.0 | ||
| 008 | 230508s2000----sp-a---###---#000-0#spa-# | ||
| 050 | 4 |
_aNK4210.A5 _b.C66 2000 |
|
| 100 | 1 |
_aConnors McQuade, Margaret E. _91747 |
|
| 245 | 1 | 0 |
_aSplendor of Alcora _bSpanish Ceramics of the Eighteenth Century in the Collection of The Society of America _cby Margaret E. Connors McQuade. |
| 260 |
_aNueva York _bThe Hispanic Society of America _c2000 |
||
| 300 |
_a21 p. _bil. a color _c26 cm. |
||
| 504 | _aBibliografía: p. 5 | ||
| 610 | 2 | 4 |
_aReal Fábrica de Alcora _zEspaña _91748 |
| 610 | 2 | 4 |
_aThe Hispanic Society of America _xColecciones de cerámica _91749 |
| 650 | 1 | 4 |
_aCerámica _ySiglo XVII a XIX _zEspaña _91750 |
| 942 |
_2lcc _cB |
||
| 999 |
_c442 _d442 |
||